000 00615nmm a2200193Ia 4500
008 251105s9999||||xx |||||||||||||||||und||
020 _a9788484897903
041 _aspa
100 _aSchmidt-Welle, Friedhelm
245 0 _aNationbuilding en el cine mexicano: desde la Época de Oro al presente
264 _a[Madrid, España] :
_bIberoamericana Vervuert,
_c2015
300 _a389 páginas
490 _aAmericana Eystettensia
650 _aFilm studies
700 _aSchmidt-Welle, Friedhelm
700 1 _a Wehr, Christian (eds.)
856 _uhttps://public.digitaliapublishing.com/a/56668
942 _cCF
999 _c71241
_d71241